000 00254nam a22001097a 4500
082 _a823
_bORI/A
100 _aORIENT LONGMAN
245 _aTHE ANT AND THE RICE
260 _aHYDERABAD
_bORIENT LONGMAN
_c1992
650 _aPASSAGE LONGMAN
_zINDIA
942 _cBK
999 _c4081
_d4081